00887nam a2200157Ia 4500008004100000082002000041100001900061245015500080260003700235365000600272630015500278730015500433942000900588999001900597952011300616100415s9999 xx 000 0 und d b347a598.2(498) aSwann H Kirke aTwo Ornithologists on the Lower Danube : Being A Record of A Journey to the Dobrogea and the Danube Delta With a Systematic List of the Birds Observed aLONDONc1925bWHELDON AND WESLEY b0 aTwo Ornithologists on the Lower Danube : Being A Record of A Journey to the Dobrogea and the Danube Delta With a Systematic List of the Birds Observed aTwo Ornithologists on the Lower Danube : Being A Record of A Journey to the Dobrogea and the Danube Delta With a Systematic List of the Birds Observed cBOOK c583426d583423 00104070aBNHSbBNHSd1998-01-13g0.00l0o598.2(498) 347pBNHS-347r2010-04-15 00:00:00w2010-04-15yBOOK